Statistics for 元素クイズ

Click here to take the quiz!

General Stats

  • This quiz has been taken 423 times
  • The average score is 70 of 118

Answer Stats

原子番号元素記号元素名% Correct
1H水素
99%
2Heヘリウム
98%
6C炭素
98%
8O酸素
98%
11Naナトリウム
97%
3Liリチウム
97%
20Caカルシウム
97%
7N窒素
97%
19Kカリウム
96%
26Fe
96%
13Alアルミニウム
96%
29Cu
96%
12Mgマグネシウム
96%
10Neネオン
94%
17Cl塩素
94%
18Arアルゴン
94%
9F弗素
94%
4Beベリリウム
94%
15Pリン
92%
16S硫黄
92%
47Ag
92%
22Tiチタン
92%
14Si珪素
91%
79Au
91%
30Zn亜鉛
90%
28Niニッケル
89%
5B硼素
89%
25Mnマンガン
86%
113Nhニホニウム
85%
56Baバリウム
84%
27Coコバルト
83%
31Gaガリウム
82%
54Xeキセノン
79%
24Crクロム
79%
32Geゲルマニウム
78%
92Uウラン
78%
35Br臭素
78%
80Hg水銀
78%
78Pt白金
75%
53I沃素
74%
21Scスカンジウム
72%
23Vバナジウム
72%
36Krクリプトン
68%
55Csセシウム
68%
50Snスズ
67%
48Cdカドミウム
67%
74Wタングステン
67%
37Rbルビジウム
67%
82Pb
66%
34Seセレン
66%
39Yイットリウム
65%
94Puプルトニウム
64%
42Moモリブデン
63%
38Srストロンチウム
62%
86Rnラドン
61%
88Raラジウム
61%
33As砒素
61%
87Frフランシウム
58%
118Ogオガネソン
58%
43Tcテクネチウム
57%
52Teテルル
55%
70Ybイッテルビウム
54%
57Laランタン
53%
41Nbニオブ
52%
46Pdパラジウム
52%
84Poポロニウム
51%
49Inインジウム
51%
76Osオスミウム
49%
77Irイリジウム
48%
40Zrジルコニウム
48%
72Hfハフニウム
47%
83Biビスマス
47%
96Cmキュリウム
46%
51Sbアンチモン
44%
102Noノーベリウム
43%
93Npネプツニウム
42%
89Acアクチニウム
42%
73Taタンタル
42%
95Amアメリシウム
42%
85Atアスタチン
40%
81Tlタリウム
39%
111Rgレントゲニウム
39%
103Lrローレンシウム
38%
104Rfラザホージウム
37%
58Ceセリウム
37%
100Fmフェルミウム
37%
117Tsテネシン
37%
44Ruルテニウム
37%
75Reレニウム
36%
105Dbドブニウム
36%
110Dsダームスタチウム
35%
45Rhロジウム
34%
98Cfカリホルニウム
33%
99Esアインスタイニウム
33%
60Ndネオジム
33%
65Tbテルビウム
32%
71Luルテチウム
32%
64Gdガドリニウム
32%
106Sgシーボーギウム
32%
108Hsハッシウム
32%
90Thトリウム
30%
62Smサマリウム
30%
91Paプロトアクチニウム
29%
97Bkバークリウム
29%
61Pmプロメチウム
28%
116Lvリバモリウム
28%
109Mtマイトネリウム
28%
114Flフレロビウム
27%
67Hoホルミウム
27%
107Bhボーリウム
26%
101Mdメンデレビウム
26%
112Cnコペルニシウム
25%
115Mcモスコビウム
25%
69Tmツリウム
25%
59Prプラセオジム
25%
63Euユウロピウム
24%
68Erエルビウム
24%
66Dyジスプロシウム
22%

Score Distribution

Percentile by Number Answered

Percent of People with Each Score

Your Score History

You have not taken this quiz